Predslov

Enregistré dans:
Détails bibliographiques
Auteur principal: Hornická, Renáta, 1977-
Format: Chapitre de livre
Langue:slovaque
Tags: Ajouter un tag
Pas de tags, Soyez le premier à ajouter un tag!

MARC

LEADER 00000naa$a2200000$$$4500
001 0249602
005 20240502074007.5
041 0 |a slo 
044 |a SK 
245 1 0 |a Predslov  |c Renáta Hornická 
100 1 |a Hornická, Renáta, 1977-